000
00231nam a22000857a 4500
008
160823b xxu||||| |||| 00| 0 eng d
100
_9
210
_a
Tanwar V
245
_a
Jesi Karni Vaisi bharni (Hindi)
260
_a
New Delhi
_b
Children Book Trust
999
_c
2868
_d
2868